| 000 | 01001na a2200325 4500 | ||
|---|---|---|---|
| 001 | 14604 | ||
| 003 | MIRAKIL | ||
| 005 | 20181213155311.0 | ||
| 008 | 161031b tu 000 0 | ||
| 020 | _a9786053992417 | ||
| 035 | _a14604 | ||
| 040 |
_aMilas _btur _cTR-AnCHP |
||
| 041 | _atur | ||
| 082 |
_a304.8 _bK35 2012 |
||
| 090 | _a304.8 K35 2012 | ||
| 245 |
_aKentler ve göç _bTürkiye, İtalya, İspanya _cderleyen Ahmet İçduygu |
||
| 246 | _aTürkiye, İtalya, İspanya | ||
| 260 |
_aİstanbul _bİstanbul Bilgi Üniversitesi Yayınları _c2012 |
||
| 300 |
_axx, 375 s. _btbl. _c23 sm. |
||
| 490 |
_aGöç çalışmaları _l13 |
||
| 490 |
_aİstanbul Bilgi Üniversitesi yayınları _v388 |
||
| 504 | _aDizin var. | ||
| 650 |
_aKırsal alandan göç _zİspanya |
||
| 650 |
_aKırsal alandan göç _zİtalya |
||
| 650 |
_aKırsal alandan göç _zTürkiye |
||
| 650 |
_aİç göç _zTürkiye |
||
| 650 | _aUluslararası göç | ||
| 700 | _aİçduygu, Ahmet | ||
| 942 |
_2ddc _cBKS |
||
| 999 |
_c10207 _d10207 |
||